[Event "Winter of Istanbul"]
[Site "SchemingMind.com"]
[Date "2011.08.09"]
[Round "-"]
[White "eraymond"]
[Black "banyapet"]
[Result "1-0"]
[WhiteCountry "CAN"]
[BlackCountry "HUN"]
[WhiteElo "2214"]
[WhiteRD "129"]
[BlackElo "1734"]
[BlackRD "108"]
[GameID "290487"]

1. e4 d6 2. d4 Nf6 3. Nc3 g6 4. f4 Bg7 5. Nf3 c5 6. dxc5 Qa5 7. Qd3 Qxc5 8. Be3 Qb4 9. O-O-O Nc6 10. a3 Qa5
11. Nd5 Be6 12. Bd2 Qd8 13. Bc3 Bxd5 14. exd5 Nb8 15. h4 Nbd7 16. h5 O-O 17. hxg6 hxg6 18. Ng5 Nc5 19. Qf3 Rb8 20. f5 gxf5
21. Bxf6 Bxf6 22. Qh5
1-0

[Event "Winter of Istanbul"]
[Site "SchemingMind.com"]
[Date "2011.08.10"]
[Round "-"]
[White "cnbcad"]
[Black "eraymond"]
[Result "0-1"]
[WhiteCountry "USA"]
[BlackCountry "CAN"]
[WhiteElo "1543"]
[WhiteRD "96"]
[BlackElo "2214"]
[BlackRD "129"]
[GameID "290488"]

1. d4 Nf6 2. g4 Nxg4 3. e4 d5 4. h3 Nf6 5. e5 Ne4 6. f3 Ng3 7. Rh2 Nc6 8. Bf4 Nf5 9. Nc3 e6 10. Nge2 Qh4+
11. Rf2 Ncxd4 12. Qd3 Bc5 13. Be3 Nxf3+ 14. Kd1 Nxe3+ 15. Kc1 Qxf2
0-1

[Event "Winter of Istanbul"]
[Site "SchemingMind.com"]
[Date "2011.08.10"]
[Round "-"]
[White "jtrochez1"]
[Black "eraymond"]
[Result "0-1"]
[WhiteCountry "HON"]
[BlackCountry "CAN"]
[WhiteElo "1592"]
[WhiteRD "49"]
[BlackElo "2263"]
[BlackRD "112"]
[GameID "290489"]

1. e4 e5 2. Nf3 Nc6 3. Bc4 Nf6 4. d3 Be7 5. Nc3 O-O 6. h3 d6 7. Be3 Na5 8. Bb3 Nxb3 9. cxb3 d5 10. Bg5 d4
11. Ne2 h6 12. Bh4 Bb4+ 13. Kf1 Re8 14. a3 Bd6 15. b4 a5 16. b5 a4 17. Qc2 Bd7 18. b4 axb3 19. Qxb3 Ra5 20. Nexd4 exd4
21. Nxd4 Nxe4 22. Bxd8 Nd2+
0-1

[Event "Winter of Istanbul"]
[Site "SchemingMind.com"]
[Date "2011.08.13"]
[Round "-"]
[White "Orhany24"]
[Black "eraymond"]
[Result "0-1"]
[WhiteCountry "TUR"]
[BlackCountry "CAN"]
[WhiteElo "1715"]
[WhiteRD "61"]
[BlackElo "2342"]
[BlackRD "89"]
[GameID "290490"]

1. d4 Nf6 2. c4 e6 3. Nc3 d5 4. cxd5 exd5 5. Nf3 Bb4 6. Qc2 O-O 7. Bg5 h6 8. Bh4 g5 9. Bg3 Ne4 10. e3 Nxc3
11. bxc3 Bd6 12. Bd3 Nc6 13. h4 g4 14. Ne5 Bxe5 15. dxe5 Qe7 16. O-O Nxe5 17. Bf5 Nc4 18. Rad1 Na3 19. Qd3 Rd8 20. h5 c5
21. Bxc8 Raxc8 22. Qf5 Qe6 23. Qf4 Nc4 24. Bh4 Re8 25. Bf6 Kh7 26. Rfe1 b5 27. e4 dxe4 28. Re2 Rc6 29. Bh4 f5 30. Ree1 Rcc8
31. f3 gxf3 32. gxf3 e3 33. Kh1 Qf7
0-1

[Event "Winter of Istanbul"]
[Site "SchemingMind.com"]
[Date "2011.08.13"]
[Round "-"]
[White "emvarela"]
[Black "eraymond"]
[Result "0-1"]
[WhiteCountry "ARG"]
[BlackCountry "CAN"]
[WhiteElo "1774"]
[WhiteRD "47"]
[BlackElo "2342"]
[BlackRD "89"]
[GameID "290491"]

1. e4 e5 2. Nf3 Nc6 3. d4 exd4 4. c3 dxc3 5. Bc4 cxb2 6. Bxb2 Bb4+ 7. Nc3 Nf6 8. O-O O-O 9. Qb3 Qe7 10. Nd5 Nxd5
11. Bxd5 Ba5 12. Bxc6 dxc6 13. Ba3 c5 14. Rac1 b6 15. Bb2 Qxe4 16. Bc3 Bxc3 17. Rxc3 Be6 18. Qb2 Qb4 19. Qxb4 cxb4 20. Rxc7 Bxa2
21. Rcc1 b3 22. Ra1 Rfd8 23. Rfe1 a5 24. Re7 b2
0-1

[Event "Winter of Istanbul"]
[Site "SchemingMind.com"]
[Date "2011.08.10"]
[Round "-"]
[White "Olli Ylönen"]
[Black "eraymond"]
[Result "0-1"]
[WhiteCountry "FIN"]
[BlackCountry "CAN"]
[WhiteElo "1692"]
[WhiteRD "51"]
[BlackElo "2214"]
[BlackRD "129"]
[GameID "290492"]

1. e4 e5 2. Nf3 Nc6 3. Bb5 a6 4. Bxc6 dxc6 5. O-O Bg4 6. h3 Bxf3 7. Qxf3 Qf6 8. Qxf6 Nxf6 9. d3 Bc5 10. Nd2 O-O-O
11. Nc4 Nd7 12. Be3 f6 13. Rad1 Rhe8 14. g3 b5 15. Bxc5 Nxc5 16. Ne3 Ne6 17. a3 Kb7 18. c3 Nc5 19. d4 Nxe4 20. Nf5 g6
0-1

[Event "Winter of Istanbul"]
[Site "SchemingMind.com"]
[Date "2011.08.10"]
[Round "-"]
[White "otsenrechess"]
[Black "eraymond"]
[Result "0-1"]
[WhiteCountry "HUN"]
[BlackCountry "CAN"]
[WhiteElo "2147"]
[WhiteRD "45"]
[BlackElo "2342"]
[BlackRD "89"]
[GameID "290493"]

1. e4 e5 2. Nf3 Nc6 3. Bb5 a6 4. Bxc6 dxc6 5. O-O Bg4 6. h3 Bxf3 7. Qxf3 Nf6 8. d3 Bc5 9. Nd2 Qe7 10. Re1 O-O
11. Nb3 Nd7 12. Bd2 Bb6 13. a4 a5 14. Bc3 Nc5 15. Nd2 f6 16. h4 Ne6 17. h5 Nd4 18. Bxd4 Bxd4 19. c3 Bc5 20. Rad1 Qe6
21. Nc4 f5 22. Re2 f4 23. h6 gxh6 24. Qh5 Bd6
0-1

[Event "Winter of Istanbul"]
[Site "SchemingMind.com"]
[Date "2011.08.10"]
[Round "-"]
[White "e_safarz"]
[Black "eraymond"]
[Result "1-0"]
[WhiteCountry "CAN"]
[BlackCountry "CAN"]
[WhiteElo "2385"]
[WhiteRD "80"]
[BlackElo "2214"]
[BlackRD "103"]
[GameID "290494"]

1. e4 e5 2. Nf3 Nc6 3. Bb5 a6 4. Ba4 Nf6 5. O-O Be7 6. Re1 b5 7. Bb3 d6 8. c3 O-O 9. h3 Na5 10. Bc2 c5
11. d4 Qc7 12. Nbd2 cxd4 13. cxd4 Bb7 14. d5 Rfc8 15. Bd3 Nd7 16. Nf1 Nc4 17. Ng3 g6 18. b3 Ncb6 19. Bd2 Nc5 20. Ba5 Bd8
21. Rc1 Qd7 22. Bc2 Bc7 23. Bd2 a5 24. Nh2 Bd8 25. Ng4 Kh8 26. f4 Qe8 27. fxe5 dxe5 28. Qf3 Nbd7 29. Rf1 f6 30. Bd1 b4
31. Be2 h5 32. Ne3 Be7 33. Rc2 Kg8 34. Nxh5 gxh5 35. Qg3+ Kh8 36. Nf5 Qg8 37. Qxg8+ Rxg8 38. Nxe7 Rge8 39. Nc6 Nxe4 40. Bxh5 Rg8
41. Bf3 Nxd2 42. Rxd2 a4 43. Rc2 axb3 44. axb3 Ba6 45. Rd1 Bb5 46. Bg4 Rg7 47. d6 Rc8 48. Nxb4 Rxc2 49. Nxc2 Rg8 50. Na3 Bc6
51. Rc1 Nb8 52. d7 Bxd7 53. Bxd7 Nxd7 54. Rc6 Rb8 55. Nc4 Kg8 56. Rd6 Rb7 57. Na5 Rc7 58. b4 Kf7 59. Nc6 Nf8 60. b5 Rd7
61. Rxd7+ Nxd7 62. g4 Nb6 63. Kf2 Nd5 64. h4 Kg6 65. Kg3 Kg7 66. Na5 Nb6 67. Nb7 Nc4 68. Nc5 Nb6 69. Ne4 Nc4 70. h5 Kf7
71. Kf3 Kg7 72. Ke2 Nb6 73. Kd3 Kf7 74. Nd6+ Kf8 75. Nc4 Na4 76. b6 Nc5+ 77. Ke3 Nb7 78. Ke4 Kg7 79. Kd5 e4 80. Kxe4 Kh7
81. Kd5 Nd8 82. Nd6 Kh6 83. b7 Nxb7 84. Nxb7 Kg5 85. Ke6 Kxg4 86. h6 f5 87. h7 f4 88. h8=Q f3 89. Qh2 f2 90. Qxf2
1-0

[Event "Winter of Istanbul"]
[Site "SchemingMind.com"]
[Date "2011.08.10"]
[Round "-"]
[White "banyapet"]
[Black "eraymond"]
[Result "0-1"]
[WhiteCountry "HUN"]
[BlackCountry "CAN"]
[WhiteElo "1734"]
[WhiteRD "108"]
[BlackElo "2214"]
[BlackRD "129"]
[GameID "290495"]

1. e4 e5 2. Nc3 Nf6 3. f4 d5 4. fxe5 Nxe4 5. Qf3 Nxc3 6. bxc3 Be7 7. d4 O-O 8. Bd3 c5 9. Nh3 Nc6 10. Be3 cxd4
11. cxd4 Bb4+ 12. Kd1 Bc3 13. Rb1 Bxd4 14. Bf4 Qa5 15. Rf1 Qxa2 16. Ke2 Bb6 17. Be3 Nxe5 18. Bxh7+ Kxh7 19. Qh5+ Kg8 20. Qxe5 Qxc2+
21. Kf3 Bxh3 22. gxh3 Rae8
0-1

[Event "Winter of Istanbul"]
[Site "SchemingMind.com"]
[Date "2011.08.09"]
[Round "-"]
[White "Marc Wakeham"]
[Black "cnbcad"]
[Result "1-0"]
[WhiteCountry "WLS"]
[BlackCountry "USA"]
[WhiteElo "1527"]
[WhiteRD "84"]
[BlackElo "1522"]
[BlackRD "58"]
[GameID "290509"]

1. e4 c5 2. Bc4 Nc6 3. Nf3 g6 4. O-O Bg7 5. d4 cxd4 6. Nbd2 Nf6 7. Re1 O-O 8. Nb3 d5 9. exd5 Na5 10. Nxa5 Qxa5
11. Bd2 Qc7 12. Bb3 Qc5 13. c4 Ng4 14. Bf4 d3 15. Qd2 Bd4 16. Nxd4 Qxd4 17. Be3 Nxe3 18. Rxe3 Bf5 19. Rb1 Rad8 20. Bc2 Qxc4
21. Bxd3 Qxd5 22. Rd1 Bxd3 23. Rxd3 Qxd3 24. Qxd3 Rxd3 25. Rxd3 Rc8 26. g3 Rc2 27. Rb3 b6 28. a3 e6 29. Rb5 Kg7 30. b3 Rc6
31. a4 a6 32. Rb4 f5 33. Kf1 h5 34. Ke2 g5 35. h3 Kf6 36. f3 a5 37. Rd4 Rc3 38. Rd3 Rc2+ 39. Rd2 Rxd2+ 40. Kxd2 Ke5
41. Kd3 Kd5 42. Kc3 g4 43. hxg4 f4 44. gxf4 h4 45. g5 Kd6 46. Kd4 h3 47. g6
1-0

[Event "Winter of Istanbul"]
[Site "SchemingMind.com"]
[Date "2011.08.08"]
[Round "-"]
[White "Marc Wakeham"]
[Black "jtrochez1"]
[Result "1/2-1/2"]
[WhiteCountry "WLS"]
[BlackCountry "HON"]
[WhiteElo "1500"]
[WhiteRD "87"]
[BlackElo "1592"]
[BlackRD "49"]
[GameID "290510"]

1. e4 e5 2. Bc4 Nc6 3. Nf3 d6 4. O-O Bg4 5. d3 Nd4 6. Bxf7+ Kxf7 7. Ng5+ Ke8 8. Qxg4 Nf6 9. Qd1 Qd7 10. c3 Ne6
11. Nxe6 Qxe6 12. Be3 h6 13. h3 c6 14. Nd2 g5 15. Nb3 Be7 16. d4 Nxe4 17. dxe5 dxe5 18. f3 Ng3 19. Rf2 Rd8 20. Qc2 Qf5
21. Qxf5 Nxf5 22. Bc5 b6 23. Bxe7 Nxe7 24. Rd2 Rxd2 25. Nxd2 Nf5 26. Kf2 Ke7 27. Nb3 Rd8 28. Re1 Kf6 29. Re2 h5 30. Rd2 Rxd2+
31. Nxd2 h4 32. Ne4+ Kg6 33. b4 a6 34. a4 Nh6 35. c4 Nf5 36. Nc3 Nd4 37. Na2 b5 38. cxb5 cxb5 39. axb5 axb5 40. Nc3 Nc2
41. Nxb5 Nxb4 42. Ke3 Kf5 43. Nd6+ Ke6 44. Ne4 Nd5+ 45. Kf2 Kf5 46. Nd6+ Kf4 47. Nc4 Nf6 48. Nd2 e4 49. Nxe4 Nxe4+ 50. fxe4 Kxe4
51. Ke2 Kf4 52. Kf2 g4 53. hxg4 Kxg4 54. Kg1 h3 55. gxh3+ Kxh3
1/2-1/2

[Event "Winter of Istanbul"]
[Site "SchemingMind.com"]
[Date "2011.08.13"]
[Round "-"]
[White "Marc Wakeham"]
[Black "Orhany24"]
[Result "1-0"]
[WhiteCountry "WLS"]
[BlackCountry "TUR"]
[WhiteElo "1503"]
[WhiteRD "86"]
[BlackElo "1673"]
[BlackRD "71"]
[GameID "290511"]

1. e4 e5 2. Nf3 Nc6 3. d4 exd4 4. c3 d5 5. exd5 Qxd5 6. Be2 Nf6 7. O-O Be7 8. Bg5 O-O 9. Qc2 Bf5 10. Qd1 Rad8
11. Re1 d3 12. Bf1 Rfe8 13. Nbd2 Ne4 14. Bxe7 Rxe7 15. Re3 Nxf2 16. Kxf2 Rxe3 17. Kxe3 Qc5+ 18. Kf4 h6 19. Kg3 Rd6 20. h3 Rg6+
21. Kh2 Qd6+ 22. Kh1 Qc5 23. Qe1 Be6 24. a3 a5 25. Ne4 Qh5 26. Qh4 Qd5 27. Ned2 Bf5 28. Re1 Kh7 29. Qf2 Be6 30. Re3 Qc5
31. Qe1 Ne7 32. Bxd3
1-0

[Event "Winter of Istanbul"]
[Site "SchemingMind.com"]
[Date "2011.08.10"]
[Round "-"]
[White "Marc Wakeham"]
[Black "eraymond"]
[Result "0-1"]
[WhiteCountry "WLS"]
[BlackCountry "CAN"]
[WhiteElo "1523"]
[WhiteRD "88"]
[BlackElo "2214"]
[BlackRD "129"]
[GameID "290512"]

1. Nf3 Nf6 2. Nc3 d5 3. e3 g6 4. d4 Bg7 5. Bd3 O-O 6. O-O Nc6 7. Re1 Nb4 8. a3 Nxd3 9. Qxd3 c6 10. e4 Nxe4
11. Nxe4 Bf5 12. Qd2 dxe4 13. Nh4 Qxd4 14. Nxf5 gxf5 15. Qxd4 Bxd4 16. c3 Bc5 17. Be3 Bd6 18. Rad1 f4 19. Bc1 f5 20. f3 Rad8
21. Rd4 Bc5
0-1

[Event "Winter of Istanbul"]
[Site "SchemingMind.com"]
[Date "2011.08.13"]
[Round "-"]
[White "Marc Wakeham"]
[Black "emvarela"]
[Result "0-1"]
[WhiteCountry "WLS"]
[BlackCountry "ARG"]
[WhiteElo "1503"]
[WhiteRD "86"]
[BlackElo "1751"]
[BlackRD "48"]
[GameID "290513"]

1. Nc3 e5 2. e4 Nf6 3. Nf3 Nc6 4. d4 exd4 5. Nxd4 Bb4 6. Nxc6 bxc6 7. e5 Qe7 8. Bd2 Bxc3 9. Bxc3 Nd5 10. Qd2 Nxc3
11. Qxc3 f6 12. O-O-O O-O 13. Bc4+ Kh8 14. exf6 Qxf6 15. Qxf6 Rxf6 16. f3 d5 17. Bd3 Bf5 18. Rhe1 Raf8 19. Re2 Bxd3 20. Rxd3 g6
21. Rde3 Kg7 22. Re7+ R8f7 23. Rxf7+ Kxf7 24. Kd2 Re6 25. Rxe6 Kxe6 26. Kd3 c5 27. c3 Ke5 28. g3 c4+ 29. Ke3 c5 30. h3 d4+
31. cxd4+ cxd4+ 32. Kd2 g5 33. a3 a5 34. Kc2 h5 35. Kd2 a4 36. Kc2 Kf5 37. Kd2 h4
0-1

[Event "Winter of Istanbul"]
[Site "SchemingMind.com"]
[Date "2011.08.09"]
[Round "-"]
[White "Marc Wakeham"]
[Black "Olli Ylönen"]
[Result "0-1"]
[WhiteCountry "WLS"]
[BlackCountry "FIN"]
[WhiteElo "1500"]
[WhiteRD "87"]
[BlackElo "1734"]
[BlackRD "51"]
[GameID "290514"]

1. e4 e5 2. Nf3 Nc6 3. d4 exd4 4. c3 dxc3 5. Nxc3 Bb4 6. Qb3 Nf6 7. Bc4 O-O 8. O-O Bxc3 9. Qxc3 Nxe4 10. Qe3 Nf6
11. b3 d5 12. Bb5 Bd7 13. Bb2 a6 14. Bd3 Bg4 15. Nd4 Re8 16. Qf4 Ne5 17. Qd2 Nxd3 18. Qxd3 c5 19. Nc2 Be2 20. Bxf6 Qxf6
21. Qxd5 Bxf1 22. Rxf1 Qb2
0-1

[Event "Winter of Istanbul"]
[Site "SchemingMind.com"]
[Date "2011.08.09"]
[Round "-"]
[White "Marc Wakeham"]
[Black "e_safarz"]
[Result "0-1"]
[WhiteCountry "WLS"]
[BlackCountry "CAN"]
[WhiteElo "1523"]
[WhiteRD "88"]
[BlackElo "2280"]
[BlackRD "118"]
[GameID "290516"]

1. Nf3 Nf6 2. Nc3 d5 3. e3 c5 4. d4 e6 5. Bb5+ Bd7 6. Bxd7+ Nbxd7 7. O-O Bd6 8. Nb5 Be7 9. c4 dxc4 10. dxc5 Nxc5
11. Nfd4 a6 12. Nc3 Rc8 13. b4 Nd3 14. a3 O-O 15. Ra2 Bd6 16. Qf3 Qd7 17. Rd1 Be5 18. Nde2 Rc6 19. Ng3 Bxc3 20. Ne4 Nxe4
21. Qxe4 b5 22. Bd2 Bxd2 23. Raxd2 Rd6 24. Kf1 e5 25. f3 f5 26. Qh4 e4 27. f4 c3 28. Rc2 Nxb4 29. Rxd6 Qxd6 30. axb4 Qd1+
0-1

[Event "Winter of Istanbul"]
[Site "SchemingMind.com"]
[Date "2011.08.08"]
[Round "-"]
[White "Marc Wakeham"]
[Black "banyapet"]
[Result "0-1"]
[WhiteCountry "WLS"]
[BlackCountry "HUN"]
[WhiteElo "1523"]
[WhiteRD "88"]
[BlackElo "1734"]
[BlackRD "108"]
[GameID "290517"]

1. e4 d6 2. d4 Nf6 3. Nc3 g6 4. Bg5 Bg7 5. Qd2 h6 6. Bh4 Nbd7 7. O-O-O g5 8. Bg3 c5 9. e5 cxd4 10. Qxd4 Nh5
11. Qe3 Nxg3 12. Qxg3 Nxe5 13. Nd5 Qa5 14. Kb1 Be6 15. Nc3 Rc8 16. a3 Nc4 17. Bxc4 Rxc4 18. Nge2 b5 19. Qf3 O-O 20. Nd5 Re8
21. Nxe7+ Rxe7 22. Qa8+ Rc8
0-1

[Event "Winter of Istanbul"]
[Site "SchemingMind.com"]
[Date "2011.08.09"]
[Round "-"]
[White "cnbcad"]
[Black "Marc Wakeham"]
[Result "1-0"]
[WhiteCountry "USA"]
[BlackCountry "WLS"]
[WhiteElo "1708"]
[WhiteRD "76"]
[BlackElo "1500"]
[BlackRD "87"]
[GameID "290518"]

1. Nf3 Nf6 2. g3 c6 3. Bg2 d5 4. d4 Bg4 5. Bf4 Qd7 6. Ne5 Qc8 7. Nxg4 Nxg4 8. Bh3 e5 9. dxe5 Bc5 10. e3 h5
11. f3 Bxe3 12. fxg4 Bxf4 13. gxf4 Qe6 14. Qf3 Qh6 15. g5 Qh7 16. f5 O-O 17. Nc3 Na6 18. O-O-O Rfe8 19. Rde1 Nc5 20. f6 g6
21. Qe3 Ne6 22. Ne2 b6 23. Bxe6 Rxe6 24. Nf4 Ree8 25. e6 Kf8 26. e7+ Kg8 27. h4 Kh8 28. Qc3 Rac8 29. Rhf1 Qg8 30. Ne6 c5
31. Nf8 d4 32. Qd3 Rc6 33. Nxg6+
1-0

[Event "Winter of Istanbul"]
[Site "SchemingMind.com"]
[Date "2011.08.09"]
[Round "-"]
[White "jtrochez1"]
[Black "Marc Wakeham"]
[Result "1-0"]
[WhiteCountry "HON"]
[BlackCountry "WLS"]
[WhiteElo "1619"]
[WhiteRD "51"]
[BlackElo "1523"]
[BlackRD "88"]
[GameID "290519"]

1. e4 d6 2. d4 Nf6 3. Nc3 g6 4. Bg5 Bg7 5. Bd3 O-O 6. d5 c5 7. h3 Nbd7 8. Nf3 a6 9. Qd2 b5 10. Bh6 c4
11. Bxg7 Kxg7 12. Be2 b4 13. Bxc4 bxc3 14. Qxc3 Kg8 15. Bd3 Bb7 16. O-O Rc8 17. Qd2 Rc7 18. Rac1 Qa8 19. c4 Nc5 20. b3 Nxd3
21. Qxd3 Nd7 22. Qe2 Nc5 23. Nh2 e6 24. Ng4 exd5 25. exd5 Qd8 26. Qb2 f5 27. Nh6#
1-0

[Event "Winter of Istanbul"]
[Site "SchemingMind.com"]
[Date "2011.08.13"]
[Round "-"]
[White "Orhany24"]
[Black "Marc Wakeham"]
[Result "1-0"]
[WhiteCountry "TUR"]
[BlackCountry "WLS"]
[WhiteElo "1715"]
[WhiteRD "61"]
[BlackElo "1527"]
[BlackRD "84"]
[GameID "290520"]

1. d4 Nf6 2. c4 g6 3. Nc3 d5 4. cxd5 Nxd5 5. e4 Nxc3 6. bxc3 Bg7 7. Bc4 O-O 8. Ne2 Nc6 9. O-O Na5 10. Bd3 c5
11. Be3 cxd4 12. cxd4 b6 13. Rc1 Bb7 14. f3 Nc6 15. Bb5 Rc8 16. d5 Nb8 17. Qb3 Nd7 18. Rfd1 Nc5 19. Qb1 Na6 20. Bd4 Rxc1
21. Rxc1 Qb8 22. Qb2 Bxd4+ 23. Nxd4 Qe5 24. Qd2 Rc8 25. Nc6 Bxc6 26. Bxa6 Rc7 27. Rxc6 Rxc6 28. dxc6 Qc5+ 29. Kf1 Qxc6 30. g3 Qc5
31. Kg2 Kg7 32. Qb2+ f6 33. Bb7 h5 34. Bd5 b5 35. Bb3 a5 36. Qc2 Qd4 37. Bd5 b4 38. Qc8 Qd2+ 39. Kh3
1-0

[Event "Winter of Istanbul"]
[Site "SchemingMind.com"]
[Date "2011.08.09"]
[Round "-"]
[White "eraymond"]
[Black "Marc Wakeham"]
[Result "1-0"]
[WhiteCountry "CAN"]
[BlackCountry "WLS"]
[WhiteElo "2214"]
[WhiteRD "129"]
[BlackElo "1523"]
[BlackRD "88"]
[GameID "290521"]

1. e4 d6 2. d4 Nf6 3. Nc3 g6 4. f4 Bg7 5. Nf3 O-O 6. Bd3 Bg4 7. h3 Bxf3 8. Qxf3 c6 9. Be3 e5 10. dxe5 dxe5
11. f5 Nbd7 12. g4 Qa5 13. g5 Nh5 14. f6 Ndxf6 15. gxf6 Nxf6 16. O-O-O Rfd8 17. Kb1 b5 18. Bg5 Rd6 19. Bxb5 Rxd1+ 20. Rxd1 Nh5
21. Bxc6 Rb8 22. Nd5 Bf8 23. Rf1 Rxb2+ 24. Kxb2
1-0

[Event "Winter of Istanbul"]
[Site "SchemingMind.com"]
[Date "2011.08.13"]
[Round "-"]
[White "emvarela"]
[Black "Marc Wakeham"]
[Result "1-0"]
[WhiteCountry "ARG"]
[BlackCountry "WLS"]
[WhiteElo "1774"]
[WhiteRD "47"]
[BlackElo "1527"]
[BlackRD "84"]
[GameID "290522"]

1. e4 d6 2. d4 Nf6 3. Nc3 g6 4. f4 Bg7 5. Nf3 O-O 6. Bd3 Bg4 7. h3 Bxf3 8. Qxf3 c6 9. Bd2 Qb6 10. O-O-O c5
11. dxc5 Qxc5 12. g4 Nfd7 13. h4 Nc6 14. Nd5 a5 15. h5 e6 16. hxg6 h6 17. gxf7+ Rxf7 18. Be3 Nd4 19. Bxd4 Bxd4 20. Rxh6 exd5
21. exd5 Nb6 22. Rg6+ Kf8 23. Re1 Qxd5 24. Qxd5 Nxd5 25. Bc4 Be3+ 26. Rxe3 Nxe3 27. Bxf7 Kxf7 28. Rxd6 Nxg4 29. Rd7+ Ke6 30. Rxb7 Kf5
31. Rf7+ Ke4 32. b3 Ne3 33. c4 a4 34. Kd2 Ng2 35. f5 Nh4 36. f6 Kf5 37. Kc3 axb3 38. axb3 Nf3 39. Kb4 Ne5 40. Rb7 Kxf6
41. c5 Ke6 42. Kb5 Kd5 43. b4 Rd8 44. Rb6 Rc8 45. Rd6+ Ke4 46. Ka6 Rb8 47. b5 Nc4 48. Rd7 Ke5 49. b6 Ke6 50. Rc7 Kd5
51. Ka7 Rh8 52. b7 Nd6 53. b8=Q Rxb8 54. Kxb8 Nb5 55. c6 Kd6 56. Rc8 Ke7 57. c7
1-0

[Event "Winter of Istanbul"]
[Site "SchemingMind.com"]
[Date "2011.08.09"]
[Round "-"]
[White "Olli Ylönen"]
[Black "Marc Wakeham"]
[Result "1-0"]
[WhiteCountry "FIN"]
[BlackCountry "WLS"]
[WhiteElo "1692"]
[WhiteRD "51"]
[BlackElo "1523"]
[BlackRD "88"]
[GameID "290523"]

1. e4 d6 2. d4 Nf6 3. Nc3 g6 4. f4 Bg7 5. Nf3 O-O 6. Bd3 c5 7. dxc5 dxc5 8. e5 Ng4 9. h3 Nh6 10. g4 Nc6
11. Be3 b6 12. Qe2 Bb7 13. O-O-O Qc8 14. Ng5 Nd8 15. Rhg1 f6 16. exf6 Bxf6 17. Bc4+ Kg7 18. f5 Ndf7 19. Ne6+
1-0

[Event "Winter of Istanbul"]
[Site "SchemingMind.com"]
[Date "2011.08.09"]
[Round "-"]
[White "otsenrechess"]
[Black "Marc Wakeham"]
[Result "1-0"]
[WhiteCountry "HUN"]
[BlackCountry "WLS"]
[WhiteElo "2315"]
[WhiteRD "53"]
[BlackElo "1500"]
[BlackRD "87"]
[GameID "290524"]

1. e4 d6 2. d4 Nf6 3. Nc3 g6 4. g3 Bg7 5. Bg2 O-O 6. Nge2 Nc6 7. O-O a6 8. h3 Nd7 9. Be3 b5 10. e5 dxe5
11. Bxc6
1-0

[Event "Winter of Istanbul"]
[Site "SchemingMind.com"]
[Date "2011.08.09"]
[Round "-"]
[White "e_safarz"]
[Black "Marc Wakeham"]
[Result "1-0"]
[WhiteCountry "CAN"]
[BlackCountry "WLS"]
[WhiteElo "2280"]
[WhiteRD "118"]
[BlackElo "1523"]
[BlackRD "88"]
[GameID "290525"]

1. e4 d6 2. d4 Nf6 3. Nc3 g6 4. f4 Bg7 5. Nf3 Bg4 6. h3 Bxf3 7. Qxf3 Nc6 8. Be3 O-O 9. Bd3 Nb4 10. O-O-O Nxd3+
11. Rxd3 Qc8 12. Kb1 c5 13. dxc5 dxc5 14. e5 Ne8 15. Nd5 Kh8 16. Nxe7 Qc7 17. Nd5 Qc6 18. h4 b5 19. h5 Nc7 20. h6 Nxd5
21. Rxd5 c4 22. Qh3 Bxe5 23. Rxe5 a6 24. Bd4 Kg8 25. Rhe1 Rae8 26. f5 Rxe5 27. Bxe5 Re8 28. Qg3 Qd5 29. Bf6 Rxe1+ 30. Qxe1
1-0

[Event "Winter of Istanbul"]
[Site "SchemingMind.com"]
[Date "2011.08.08"]
[Round "-"]
[White "banyapet"]
[Black "Marc Wakeham"]
[Result "1-0"]
[WhiteCountry "HUN"]
[BlackCountry "WLS"]
[WhiteElo "1734"]
[WhiteRD "108"]
[BlackElo "1523"]
[BlackRD "88"]
[GameID "290526"]

1. e4 d5 2. exd5 Qxd5 3. Nc3 Qe6+ 4. Be2 Nf6 5. Nf3 h6 6. O-O Nc6 7. Re1 Qd7 8. d4 b6 9. Bb5 Bb7 10. Ne5 Qd6
11. d5
1-0